000 00689nam a2200229 i 4500
001 bg
100 1 _aTURZENIECKA, Danuta
245 1 0 _aAnaliza dokładności wybranych przybliżonych metod oceny niepewności /
_cDanuta Turzeniecka.
260 _aPoznań :
_bWydaw. Politechniki Poznańskiej,
_c1999.
300 _a152, [2] s. :
_bwykr. ;
_c24 cm.
500 _aStreszcz. ang.
504 _aBibliogr. s. [153].
650 9 _aPomiary
_xteoria
650 9 _aRachunek prawdopodobieństwa
_xstosowanie
020 _a8371431716
040 _cBPK
041 0 _apl
_ben
080 _a006.91:519.2
920 _a83-7143-171-6
942 _cKS
008 s pl f |000 0 pol
999 _c36507
_d36507
856 _uhttp://koha.tu.koszalin.pl/cgi-bin/koha/opac-detail.pl?biblionumber=36507
_yKatalog online BPK